000 00313nam a22001457a 4500
008 230912b ||||| |||| 00| 0 eng d
020 _a0080348599
041 _aeng
080 _a521
082 _a521BAI
100 _a19
101 _aASTRO
245 _aTHE ORIGIN OF COMETS
_cBAILEY .E.M
942 _2udc
_cBK
999 _c60326
_d60326